00485 2200169 4500001002100000005001500021035002000036008004100056082001600097090002200113100001900135245006800154260004000222300001900262084002200281990001200303INLIS00000000000124920231109105436 a0010-0521001249231109 g 0 dut  a594.73(038) a594.73(038) MEE l0 aMEERBURG, J.W.1 aLijst van eenige woorden der manggaraischetaal /cJ.W. Meerburg aBatavia :bALBRECHT & RUSCHE,c1891 a35 p. ;c22 cm a594.73(038) MEE l a8194/72